| 000 | 01061cam a2200205 4500 | ||
|---|---|---|---|
| 001 | WB@3612-456 | ||
| 008 | 040903n2004 000 0 eng u | ||
| 035 | _a(Sirsi) u127269 | ||
| 245 | _aPrices still falling | ||
| 260 | _c2004 | ||
| 490 |
_aHBOS Press Release _v(August 2004) 3 September 2004 (4) |
||
| 520 | _aThe "Halifax house price index: August 2004" has just been released and in agreement with other indices, shows that house prices fell by 0.6%% last month. Although they have increased by 1.8% overall during the past three months, this is significantly lower than the 6.5% rise recorded in the preceding three months. Again, the Halifax feels that the five successive interest rate rises since November 2003 have acted as a brake on house price growth. The average house price was £160 565. http://www.hbosplc.com/economy/nationalpressreleas e.asp | ||
| 590 | _aWB | ||
| 590 | _aWB | ||
| 650 | _aHOUSE PRICES | ||
| 650 | _aHOUSE PRICE INFLATION | ||
| 650 | _aHALIFAX HOUSE PRICE INDEX | ||
| 690 | _aHOUSING-HOUSE PRICES | ||
| 942 | _n0 | ||
| 999 |
_c117958 _d117958 |
||